Score 0/30 Timer 09:00
6 Plays Today
Rank Word % Correct
35we
96.5%
33what
94.7%
42when
94.4%
110where
93.4%
87who
93%
178why
91.9%
12was
83%
56will
78.1%
39were
77.4%
16with
60.3%
154want
60.3%
381war
58.2%
156well
56.2%
62would
51.3%
182went
50.3%
Rank Word % Correct
51which
47.5%
90water
41%
57way
39.8%
363west
38.2%
330wind
37.8%
243while
37.5%
45word
37.2%
259walk
36.7%
255white
36.6%
103work
31.3%
63write
28.2%
299wood
27.9%
195world
26.5%
296watch
24.7%
348whole
22.2%
Remove Ads.
Support Sporcle.
Get the best of Sporcle when you Go Orange. This ad-free experience offers more features, more stats, and more fun while also helping to support Sporcle. Thank you for becoming a member.

You're not logged in!

Compare scores with friends on all Sporcle quizzes.
OR
Log In

Show Comments

Extras

Top Quizzes Today


Score Distribution

Your Account Isn't Verified!

In order to create a playlist on Sporcle, you need to verify the email address you used during registration. Go to your Sporcle Settings to finish the process.

Report this User

Report this user for behavior that violates our Community Guidelines.

Details: